| 000 | 01045nam a2200229Ia 4500 | ||
|---|---|---|---|
| 003 | Ost | ||
| 005 | 20260507075556.0 | ||
| 008 | 260507s9999||||xx |||||||||||||| ||und|| | ||
| 020 | _a9773454622 | ||
| 040 | _cfsecg | ||
| 041 | _aara | ||
| 082 | _a330 | ||
| 100 |
_aالحداد، عماد _eمؤلف |
||
| 245 | 0 |
_aاساليب الدعاية التسويقية الناجحة / _c عماد الحداد |
|
| 260 |
_aالقاهرة: _bدار الفاروق للنشر و التوزيع, _c2003 |
||
| 300 |
_a88 صفحة؛ _bإيضاحات ؛ _c24 سم |
||
| 490 | _aكويك نوتس | ||
| 520 | _aانشاء اعلانات و رسائل بريد متميزة كذلك طرق مختصرة لانشاء اعلانات متميزة اضافة الى تصميم كروت العمل و الكتيبات الدعائية و الكتالوجات و غيرها و اخيرا الاستفادة القصوى من امكانيات الرسائل الاخبارية. | ||
| 653 | _aالتسويق | ||
| 653 | _aالدعاية | ||
| 942 | _cكتاب | ||
| 999 |
_c44962 _d44962 |
||